000 00457nam a22002177a 4500
003 UA-OsUOA
001 28823
007 ta
008 20050510b un ||||| |||| 00| 0 ukr d
090 _a821.161.2
_bП27
942 _cBK
040 _aUA-OsUOA
_bukr
_cUA-OsUOA
_dUA-OsUOA
300 _a480 с.
955 _a0
041 _aukr
080 _a821.161.2
260 _aК.
_bГрамота
_c2003
044 _aUA
650 7 _2UDC
999 _c315196
_d315196